COST ACCOUNTING ( THEORY AND PRACTICE ) (Record no. 9402)

MARC details
000 -LEADER
fixed length control field 00440nam a22001697a 4500
003 - CONTROL NUMBER IDENTIFIER
control field SGT
020 ## - INTERNATIONAL STANDARD BOOK NUMBER
International Standard Book Number 9788120349087
082 ## - DEWEY DECIMAL CLASSIFICATION NUMBER
Classification number 657,BAN
100 ## - MAIN ENTRY--PERSONAL NAME
Personal name BHABATOSH BANERJEE
245 ## - TITLE STATEMENT
Title COST ACCOUNTING ( THEORY AND PRACTICE )
250 ## - EDITION STATEMENT
Edition statement 13TH
260 ## - PUBLICATION, DISTRIBUTION, ETC. (IMPRINT)
Place of publication, distribution, etc NEW DELHI
Name of publisher, distributor, etc PHI
Year of Publication 2014
300 ## - PAGE DESCRIPTION
No. of Pages 1044
650 ## - SUBJECT ADDED ENTRY--TOPICAL TERM
Topical term or geographic name as entry element ACCOUNTING
653 ## - KEYWORDS--INDEX TERM
Keyword term BASIC CONCEPTS AND COST CLASSIFICATION,MATERIAL COST MANAGEMENT,OVERHEADS
942 ## - ADDED ENTRY ELEMENTS (KOHA)
Source of classification or shelving scheme Dewey Decimal Classification
Koha item type FCM Books
Holdings
Withdrawn status Lost status Source of classification or shelving scheme Damaged status Not for loan Collection code Home library Current library Shelving location Date acquired Vendor Name Cost, normal purchase price SGTU Bill Number Total Checkouts Full call number Accession No. (Barcode) Date last seen Date last borrowed Bill Date Koha item type
    Dewey Decimal Classification   Not For Loan COMMERCE MANAGEMENT SGT Science & Social Sciences Library SGT Science & Social Sciences Library Reference Book 01/07/2016 KIRTI PRAKASHAN 695.00 SGTU 3149 1 657,BAN CM1019 09/08/2017 09/08/2017 19/10/2015 FCM Books
  Long Overdue (Lost) Dewey Decimal Classification     COMMERCE MANAGEMENT SGT Science & Social Sciences Library SGT Science & Social Sciences Library Text Book 01/07/2016 KIRTI PRAKASHAN 695.00 SGTU 3149 17 657,BAN CM1020 08/12/2017 17/11/2017 19/10/2015 FCM Books